German States Bordering Brandenburg - Statistics

General Stats
  • This quiz has been taken 11 times
  • The average score is 4 of 5
Answer Stats
German State % Correct
Berlin
100%
Saxony
100%
Mecklenburg-Vorpommern
82%
Lower Saxony
73%
Saxony-Anhalt
73%
No matching quizzes found
Score Distribution
Percent of People with Each Score
Percentile by Number Answered
Your Score History
You have not taken this quiz